000 00390nam a2200133Ia 4500
003 GCL
008 140319s9999 xx 000 0 ara d
040 _aGCL /
_cGCL
082 0 4 _a345.05
_bم ا
245 1 0 _aاصول تسبيب الاحكام الجنائية فى ضوء الفقة والقضاء
260 _a[S.N] :
_bمطبعة الاشعاع ،
_c1988
300 _a369 ص
490 _a
999 _c54993
_d54993